| 000 | 00402pam a2200157a 44500 | ||
|---|---|---|---|
| 008 | 230515b2010 xxu||||| |||| 00| 0 eng d | ||
| 020 | _a978-81-312-0348-4 | ||
| 041 | _aENGLISH | ||
| 082 | _a610.73 | ||
| 100 | _aNARY LUCTA | ||
| 245 | _aNURSING: PRACTICE AND PUBLIC HEALTH ADMINISTRATION | ||
| 250 | _a2 | ||
| 260 |
_a _bELESVIER MOSBY. _c2010 |
||
| 300 | _a455 | ||
| 650 | _aNURSING ADMINISTRATION | ||
| 999 |
_c505263 _d505263 |
||